000 00340nam a2200121Ia 4500
008 250110s9999 xx 000 0 und d
041 _aeng
100 _aDatar Tejaswini
245 _aEnergy Efficient Housing Konkan Maharashtra
260 _bFinal Year B.Arch ID, Pune
_c2014
300 _a70p
700 _aGuide Name:Pethe Sandeep
_9210288
999 _c363480
_d363480